| 000 | 00964 #a2200217 #4500 | ||
|---|---|---|---|
| 005 | 20230710164234.0 | ||
| 008 | aespañol | ||
| 020 | _a978-987-693-023-9 (versión impresa) | ||
| 082 |
_214 _a324 |
||
| 100 | 1 |
_917447 _aChaves, Guillermo Justo |
|
| 245 | 1 | 0 |
_aHerederos del futuro : _besperanza y desafios para una nueva Argentina / _cGuillermo Justo Chaves |
| 260 |
_aBuenos Aires: _bCICCUS, _c2013 |
||
| 300 | _a288 p. | ||
| 505 |
_tPrólogo. Interpelación.
_tPolítica para el siglo XXI. _tDemocracia. Cultura y estilos de vida. _tEl Estado. Un amigo presente. _tNuevos liderazgos y renovación política. _tEl peronismo, una mirada generacional. _tSíntesis para la reflexión crítica. Lecturas complementarias. Epílogo. |
||
| 650 | 2 | 7 |
_aPARTICIPACION POLITICA _2unescot |
| 650 | 2 | 7 |
_aGOBIERNO _2unescot |
| 650 | 2 | 4 |
_aPERONISMO _9553 |
| 651 | _aARGENTINA | ||
| 942 |
_2ddc _cLIBRO |
||
| 980 |
_619226 _a Palazón Marcela I. _819226 _g Palazón Marcela I. |
||
| 999 |
_c8894 _d8894 |
||